The principles of insect physiology, / (Record no. 1348)
[ view plain ]
| 000 -LEADER | |
|---|---|
| fixed length control field | 00656cam a2200217 4500 |
| 001 - CONTROL NUMBER | |
| control field | BD-DhSAU 1348 |
| 003 - CONTROL NUMBER IDENTIFIER | |
| control field | BD-DhSAU |
| 005 - DATE AND TIME OF LATEST TRANSACTION | |
| control field | 20150115130727.0 |
| 008 - FIXED-LENGTH DATA ELEMENTS--GENERAL INFORMATION | |
| fixed length control field | 730205s1965 enka rb 001 0 eng |
| 040 ## - CATALOGING SOURCE | |
| Original cataloging agency | BD-DhSAU |
| 082 00 - DEWEY DECIMAL CLASSIFICATION NUMBER | |
| Classification number | 595.7 |
| Edition number | 22 |
| Item number | WIP |
| 100 1# - MAIN ENTRY--PERSONAL NAME | |
| Personal name | Wigglesworth, Vincent B. |
| Fuller form of name | (Vincent Brian), |
| Titles and words associated with a name | Sir, |
| Dates associated with a name | 1899- |
| 245 14 - TITLE STATEMENT | |
| Title | The principles of insect physiology, |
| Statement of responsibility, etc. | V. B. Wigglesworth. |
| 250 ## - EDITION STATEMENT | |
| Edition statement | 6th edition. |
| 260 ## - PUBLICATION, DISTRIBUTION, ETC. (IMPRINT) | |
| Place of publication, distribution, etc. | London : |
| Name of publisher, distributor, etc. | Chapman and Hall ; |
| Date of publication, distribution, etc. | c1965 [Reprinted 1967]. |
| 300 ## - PHYSICAL DESCRIPTION | |
| Extent | viii, 741 p. : |
| Other physical details | ill. ; |
| Dimensions | 26 cm. |
| 504 ## - BIBLIOGRAPHY, ETC. NOTE | |
| Bibliography, etc | Includes bibliographies. |
| 590 ## - Name of Cataloguer | |
| Name of Cataloger | joy |
| 650 #0 - SUBJECT ADDED ENTRY--TOPICAL TERM | |
| Topical term or geographic name as entry element | Insects |
| General subdivision | Physiology. |
| 650 #0 - SUBJECT ADDED ENTRY--TOPICAL TERM | |
| Topical term or geographic name as entry element | Entomology. |
| 942 ## - ADDED ENTRY ELEMENTS (KOHA) | |
| Source of classification or shelving scheme | Dewey Decimal Classification |
| Koha item type | Book |
| Withdrawn status | Lost status | Source of classification or shelving scheme | Damaged status | Not for loan | Home library | Branch Name | Shelving location | Date acquired | Total Checkouts | Full call number | Barcode | Date last seen | Price effective from | Koha item type | Collection code |
|---|---|---|---|---|---|---|---|---|---|---|---|---|---|---|---|
| Dewey Decimal Classification | SAU Library | SAU Library | General Stacks | 14/09/1978 | 595.7 WIP | 1033 | 14/01/2015 | 14/01/2015 | Book | ||||||
| Dewey Decimal Classification | SAU Library | SAU Library | General Stacks | 15/01/2015 | 595.7 WIP | 1036 | 15/01/2015 | 15/01/2015 | Book | Non-fiction | |||||
| Dewey Decimal Classification | Not For Loan | SAU Library | SAU Library | Reference | 14/09/1978 | 595.7 WIP | 1035 | 17/05/2015 | 17/05/2015 | Book |
